La autonomía universitaria en la Constitución de Guatemala /

Bewaard in:
Bibliografische gegevens
Hoofdauteur: González Ruiz, José Enrique
Formaat: Texto
Onderwerpen:
Tags: Voeg label toe
Geen labels, Wees de eerste die dit record labelt!

MARC

LEADER 00000 a a2200000 04500
001 46017
003
040 |a CRAI/IIS  |c CRAI/IIS 
100 |a González Ruiz, José Enrique  
245 |a La autonomía universitaria en la Constitución de Guatemala /  |c José Enrique González Ruiz  
650 |a AUTONOMIA UNIVERSITARIA  
650 |a GUATEMALA  
650 |a CONSTITUCION POLITICA  
773 |g número60 (1992), páginas 7-9  
999 |c 18557  |d 18557